تحميل...
Essentials of biotechnology
| المؤلف الرئيسي: | |
|---|---|
| التنسيق: | Printed Book |
| منشور في: |
Ane Books, New Delhi
2009
|
| الموضوعات: |
| LEADER | 00485nam a2200193 4500 | ||
|---|---|---|---|
| 020 | |||
| 082 | |a 660.6 SOB-E | ||
| 100 | |a Sobti, R. C; Pachauri, Suparna S | ||
| 245 | |a Essentials of biotechnology | ||
| 250 | |||
| 260 | |a Ane Books, New Delhi |c 2009 | ||
| 300 | |||
| 490 | |||
| 500 | |||
| 590 | |||
| 650 | |a Biotechnology | ||
| 942 | |c BK | ||
| 999 | |c 92006 |d 92006 | ||
| 952 | |0 0 |1 0 |4 0 |6 660_600000000000000_SOBE |7 0 |9 105474 |a ZGY |b ZGY |l 0 |o 660.6 SOB-E |p ZGY04541 |r 2019-09-25 |w 2019-09-25 |y BK | ||